Music Quiz

Random Music or Song Quiz
Score 0/24 Timer 05:00
0 Plays Today
Question Answer Wrong Answers
D: Sympathy For the ___ Devil
94.3%
Demon
0.8%
Dancer
0.6%
Dreamer
0.7%
A: ___ Angie
93.3%
Andy
1.6%
Allen
0.9%
Amanda
4%
B: Beast of ___ Burden
93.1%
Berlin
4.3%
Bail
1.2%
Blarney
1.2%
G: ____ Shelter Gimme
92.3%
Great
0.5%
Good
1.1%
Grabme
0.2%
N: Let's Spend the ___ Together Night
91.8%
November
0%
Now
0.4%
Never
0.6%
O: Time is __ My Side On
91.7%
Over
0.5%
Onto
0.5%
Outside
0.1%
S: (I Can't Get No) ____ Satisfaction
91.5%
Sugar
0.3%
Sunshine
0.4%
Sex
0.5%
Y: ___ Can't Always Get What ___ Want You
91.5%
Ya'll
0.2%
You'll
0.4%
Yule
0.3%
P: ___ It Black Paint
91.3%
Punch
0.6%
Pick
0.5%
Perfect
0.4%
W: ___ Horses Wild
90.3%
Winning
0.6%
Whipped
0.9%
Whinny
0.9%
J: Jumpin ___ Flash Jack
90%
Jake
2.4%
Jerry
0.6%
James
0.6%
U: ___ My Thumb Under
89.5%
Underneath
1.6%
Until
0.6%
Using
0.8%
T: Ruby ___ Tuesday
88.6%
Thursday
2.3%
Teenager
0.8%
Time
0.9%
E: ___ Rescue Emotional
85.4%
Everday
3.9%
Evening
3.2%
Eventual
2.6%
H: ___ Shuffle Harlem
85.3%
Hancock
2.4%
Hertford
2.1%
Heavenly
4%
M: ___ Rambler Midnight
84.4%
Manhattan
3.2%
March
1.1%
Mad
4.3%
L: The ___ Time Last
69.2%
Longest
22.5%
Largest
0.4%
Latest
0.9%
R: She's a ___ Rainbow
65.8%
Ride
3.2%
Reader
2.3%
Rambler
21.4%
F: ___ Girl Factory
64.9%
Finnish
3.4%
Florida
16.7%
Flapper
9.5%
I: ___ Imagination
59.7%
Imagine
10.7%
Imogene
17.6%
Imelda
5.5%
Q: Little ___ Queenie
58.9%
Queen
30.2%
Quincy
2.5%
Quebec
1.3%
K: ___ Up Blues Keep
37.6%
Keyed
49.5%
King
3.4%
Krazy
2.6%
V: ___ Blues Ventilator
35.8%
Virgin
39.4%
Veritable
8.9%
Verdant
8.5%
C: ___ to Me Cry
34.8%
Come
62.2%
Create
0.4%
Came
1%
Remove Ads.
Support Sporcle.
Get the best of Sporcle when you Go Orange. This ad-free experience offers more features, more stats, and more fun while also helping to support Sporcle. Thank you for becoming a member.

You're not logged in!

Compare scores with friends on all Sporcle quizzes.
OR
Log In

Show Comments

Extras

Top Quizzes Today


Score Distribution

Your Account Isn't Verified!

In order to create a playlist on Sporcle, you need to verify the email address you used during registration. Go to your Sporcle Settings to finish the process.

Report this User

Report this user for behavior that violates our Community Guidelines.

Details: